000 00883cab a2200265 4500
001 ABS49225
008 090401t1993 xxu||||| |||| 00| 0 eng d
035 _a(Sirsi) u70406
041 _aeng
245 _aNational vocational qualifications
260 _c1993
350 _a0
490 _aEstates Gazette
_v(9331) 7 August 1993, 69-70(2)
520 _a"Mainly for Students" article explaining the NVQs and what impact they will have on surveying education.
650 _aGENERAL NATIONAL VOCATIONAL QUALIFICIATION
650 _aGNVQS
650 _aNATIONAL COUNCIL FOR VOCATIONAL QUALIFICATIONS
650 _aNATIONAL VOCATIONAL QUALIFICIATIONS
650 _aCAREERS, EDUCATION AND TRAINING
650 _aVET
650 _aVOCATIONAL EDUCATION AND TRAINING
690 _aMANAGEMENT-BUSINESS MANAGEMENT-PROFESSIONAL PRACTICE
942 _n0
948 _c04/03/1997
999 _c44272
_d44272